Gims - Associez la chanson à son album - Statistiques

Statistiques générales
  • Ce quiz a été pris 89 fois
  • Le résultat moyen est 12 sur 30
Statistiques - réponses
Hint Réponse % Correct
Ciel Le Nord se souvient
56%
Vent du Nord Le Nord se souvient
55%
Tu vas me manquer Mon cœur avait raison
53%
Spider Le Nord se souvient
50%
Diana Le Nord se souvient
49%
La même Ceinture noire
47%
Caméléon Ceinture noire
46%
Laissez passer Mon cœur avait raison
46%
Le Pire Ceinture noire
45%
Mi Gna Ceinture noire
45%
Zombie Subliminal
44%
Où aller Ceinture noire
42%
Brisé Mon cœur avait raison
42%
Est-ce que tu m'aimes ? Mon cœur avait raison
42%
Bella Subliminal
42%
Origami Le Fléau
38%
Horizon Les Dernières Volontés de Mozart
38%
J'me tire Subliminal
38%
Meurtre par strangulation Subliminal
38%
Sapés comme jamais Mon cœur avait raison
36%
Changer Subliminal
35%
Jusqu'ici tout va bien Le Fléau
33%
San Goku Le Nord se souvient
33%
Vagabond Les Dernières Volontés de Mozart
33%
OG Na OG Le Fléau
32%
Yolo Le Fléau
31%
Après-vous madame Les Dernières Volontés de Mozart
31%
Maintenant Les Dernières Volontés de Mozart
29%
Mama Les Dernières Volontés de Mozart
28%
Immortel Le Fléau
24%
Aucun quiz correspondant
Distribution des résultats
% des personnes avec chaque résultat
Percentile par nombre de réponses
Votre historique - résultats
Vous n’avez pas pris ce quiz